| 000 | 00475nam a22001577a 4500 | ||
|---|---|---|---|
| 003 | macl | ||
| 005 | 20240222161816.0 | ||
| 008 | 240222b |||||||| |||| 00| 0 eng d | ||
| 040 | _cmacl | ||
| 082 | _a920/TRI | ||
| 100 |
_aत्रिवेदी, विजय _982303 |
||
| 245 | _aहार नहीं मानूॅ्गा | ||
| 260 |
_aनौएडा _bहा्र्पर् हिन्दी _c2016 |
||
| 650 | _aजीवनी | ||
| 942 |
_2ddc _cHIN |
||
| 999 |
_c66764 _d66764 |
||